00462nam a2200145 a 4500008004100000020001500041050001900056100001600075245005900091260003400150300002100184350000900205650005300214650004900267120416s1983 ||||||||||||||||| || u a0898380960 aLC 6256.N2 Dis aChang, T. M10aDistance learning: on the design of an open university aBoston:bKluwer-Nijhoffc1983 avi, 195p. : ill. a0.00 aUNIVERSITY EXTENSION--NETHERLANDS--CASE STUDIES  aCOLLEGE TEACHING--NETHERLANDS--CASE STUDIES